Postacie historyczne po zdjęciach - Statystyki

Ogólne statystyki
  • Ten quiz został rozwiązany 170 razy
  • Średni wynik to 9 z 20
Statystyki odpowiedzi
Obrazkowy Odpowiedź % Poprawnych
Adolf Hitler
99%
Mikołaj Kopernik
95%
Napoleon
94%
Lech Kaczyński
88%
Karol Marks
61%
Fidel Castro
60%
Pablo Escobar
57%
Sokrates
52%
Leonid Breżniew
50%
William Shakespeare
40%
Harry Truman
37%
Francisco Franco
28%
Pol Pot
27%
Ferdynand Magellan
26%
Bona Sforza
25%
Gabriel Narutowicz
21%
Alfred Nobel
14%
Albrecht Hohenzollern
6%
Jacques Chirac
6%
James Watt
3%
Nie znaleziono quizów pasujących do podanych kryteriów
Rozkład punktacji
Procent ludzi z każdym wynikiem
Percentyl według liczby udzielonych odpowiedzi
Twoja historia wyników
Nie rozwiązałeś tego quizu